[Event "GER-chT U12 Girls"]
[Site "Magdeburg"]
[Date "2023.12.29"]
[Round "6.1"]
[White "Hladeniuk, Yelyzaveta"]
[Black "Ulianova, Anna"]
[Result "1-0"]
[WhiteElo "1362"]
[BlackElo "1036"]
[PlyCount "53"]
[EventDate "2023.12.26"]
[EventType "team-swiss"]
[EventRounds "7"]
[EventCountry "GER"]
[SourceTitle "CB03_2024"]
[SourceDate "2024.01.17"]
[SourceVersion "1"]
[SourceVersionDate "2024.01.17"]
[SourceQuality "1"]
[WhiteTeam "Paderborn Akademie"]
[BlackTeam "Oberschoeneweide"]
[WhiteTeamCountry "GER"]
[BlackTeamCountry "GER"]

1. d4 Nf6 2. c4 c5 3. e3 b6 4. Nf3 e6 5. Be2 d5 6. 0-0 Bd6 7. b3 0-0 8. Bb2 Bb7 9. Qc2 Ne4 10. Bd3 f5 11. Nc3 Qe8 12. Nb5 Qh5 13. Nxd6 Nxd6 14. Qc3 Ne4 15. Bxe4 fxe4 16. dxc5 Qg6 17. Nd4 e5 18. Nb5 Nc6 19. cxb6 axb6 20. cxd5 Nd8 21. Qxe5 Nf7 22. Qd4 Nh6 23. Qe5 Rae8 24. Qd6 Qg5 25. Qg3 Qe7 26. Qc7 Qg5 27. Qxb7 1-0

[Event "GER-chT U12 Girls"]
[Site "Magdeburg"]
[Date "2023.12.28"]
[Round "3.4"]
[White "Ulianova, Anna"]
[Black "Wieckowicz, Bui Havy"]
[Result "1-0"]
[WhiteElo "1036"]
[BlackElo "1175"]
[PlyCount "61"]
[EventDate "2023.12.26"]
[EventType "team-swiss"]
[EventRounds "7"]
[EventCountry "GER"]
[SourceTitle "CB03_2024"]
[SourceDate "2024.01.17"]
[SourceVersion "1"]
[SourceVersionDate "2024.01.17"]
[SourceQuality "1"]
[WhiteTeam "Oberschoeneweide"]
[BlackTeam "Plauen Koenig"]
[WhiteTeamCountry "GER"]
[BlackTeamCountry "GER"]

1. e4 c5 2. c3 Nc6 3. d4 cxd4 4. cxd4 d6 5. Nf3 Nf6 6. Nc3 e6 7. Bd3 Be7 8. Be3 a6 9. h3 Qc7 10. 0-0 0-0 11. Bc2 b5 12. Ne2 Bb7 13. Ng3 Nb4 14. Bb1 Rad8 15. a3 Nc6 16. Qd3 e5 17. d5 Na5 18. Qd2 Nb3 19. Qd1 Nxa1 20. Nh2 Rc8 21. Ng4 Nc2 22. Nxf6+ Bxf6 23. Bxc2 Qxc2 24. Qg4 g6 25. f4 Qxb2 26. Nh5 Bg7 27. f5 Rb8 28. f6 Bc8 29. Qh4 gxh5 30. Qg5 Re8 31. Qxg7# 1-0